Ben-Hur : (Record no. 10373)
[ view plain ]
| 000 -LEADER | |
|---|---|
| fixed length control field | 01442cam a2200361 a 4500 |
| 001 - CONTROL NUMBER | |
| control field | 3069858 |
| 003 - CONTROL NUMBER IDENTIFIER | |
| control field | OSt |
| 005 - DATE AND TIME OF LATEST TRANSACTION | |
| control field | 20210223145917.0 |
| 008 - FIXED-LENGTH DATA ELEMENTS--GENERAL INFORMATION | |
| fixed length control field | 970227s1997 coua b 000 1 eng |
| 010 ## - LIBRARY OF CONGRESS CONTROL NUMBER | |
| LC control number | 97010887 |
| 020 ## - INTERNATIONAL STANDARD BOOK NUMBER | |
| International Standard Book Number | 1561795518 |
| 040 ## - CATALOGING SOURCE | |
| Original cataloging agency | DLC |
| Transcribing agency | DLC |
| Modifying agency | DLC |
| 050 00 - LIBRARY OF CONGRESS CALL NUMBER | |
| Classification number | PS3134 |
| Item number | W187B |
| 082 00 - DEWEY DECIMAL CLASSIFICATION NUMBER | |
| Classification number | 813/.4 |
| Edition number | 21 |
| Item number | W187B |
| 100 1# - MAIN ENTRY--PERSONAL NAME | |
| Personal name | Wallace, Lew, |
| Dates associated with a name | 1827-1905. |
| 245 10 - TITLE STATEMENT | |
| Title | Ben-Hur : |
| Remainder of title | a tale of the Christ / |
| Statement of responsibility, etc. | by Lew Wallace ; with an introduction and afterword by Joe L. Wheeler. |
| 260 ## - PUBLICATION, DISTRIBUTION, ETC. | |
| Place of publication, distribution, etc. | Colorado Springs, Colo. : |
| Name of publisher, distributor, etc. | Focus on the Family Pub., |
| Date of publication, distribution, etc. | c1997. |
| 300 ## - PHYSICAL DESCRIPTION | |
| Extent | xxxvii, 577 p. : |
| Other physical details | ill. ; |
| Dimensions | 23 cm. |
| 490 1# - SERIES STATEMENT | |
| Series statement | Wallace series ; |
| Volume/sequential designation | #1 |
| 490 1# - SERIES STATEMENT | |
| Series statement | Classic collection series ; |
| Volume/sequential designation | #2 |
| 600 10 - SUBJECT ADDED ENTRY--PERSONAL NAME | |
| Personal name | Jesus Christ |
| Form subdivision | Fiction. |
| 600 00 - SUBJECT ADDED ENTRY--PERSONAL NAME | |
| Personal name | Tiberius, |
| Titles and other words associated with a name | Emperor of Rome |
| Dates associated with a name | 42 B.C.-37 A.D. |
| Form subdivision | Fiction. |
| 630 00 - SUBJECT ADDED ENTRY--UNIFORM TITLE | |
| Uniform title | Bible. |
| Name of part/section of a work | New Testament |
| General subdivision | History of Biblical events |
| Form subdivision | Fiction. |
| 651 #0 - SUBJECT ADDED ENTRY--GEOGRAPHIC NAME | |
| Geographic name | Rome |
| General subdivision | History |
| Chronological subdivision | Tiberius, 14-37 |
| Form subdivision | Fiction. |
| 655 #7 - INDEX TERM--GENRE/FORM | |
| Genre/form data or focus term | Historical fiction. |
| Source of term | gsafd |
| 655 #7 - INDEX TERM--GENRE/FORM | |
| Genre/form data or focus term | Christian fiction. |
| Source of term | gsafd |
| 700 1# - ADDED ENTRY--PERSONAL NAME | |
| Personal name | Wheeler, Joe L., |
| Dates associated with a name | 1936- |
| 800 1# - SERIES ADDED ENTRY--PERSONAL NAME | |
| Personal name | Wallace, Lew, |
| Dates associated with a name | 1827-1905. |
| Title of a work | Novels. |
| Date of a work | Selections (Focus on the Family (Organization)) ; |
| Volume/sequential designation | #1. |
| 830 #0 - SERIES ADDED ENTRY--UNIFORM TITLE | |
| Uniform title | Classic collection series (Colorado Springs, Colo.) ; |
| Volume/sequential designation | #2. |
| 906 ## - LOCAL DATA ELEMENT F, LDF (RLIN) | |
| a | 7 |
| b | cbc |
| c | orignew |
| d | 1 |
| e | ocip |
| f | 19 |
| g | y-gencatlg |
| 942 ## - ADDED ENTRY ELEMENTS (KOHA) | |
| Source of classification or shelving scheme | Dewey Decimal Classification |
| Koha item type | Books |
| Withdrawn status | Lost status | Source of classification or shelving scheme | Damaged status | Not for loan | Collection code | Home library | Current library | Shelving location | Date acquired | Total Checkouts | Full call number | Barcode | Date last seen | Price effective from | Koha item type |
|---|---|---|---|---|---|---|---|---|---|---|---|---|---|---|---|
| Dewey Decimal Classification | Fiction | Harvest Mission College | Harvest Mission College | General Stacks | 27.02.2021 | 813.4 W187B | 011994 | 27.02.2021 | 27.02.2021 | Books |
